The Iraq (United Nations Sanctions) Order 2003 - is it Human Rights Act compatible? (Record no. 74116)
[ view plain ]
| 000 -LEADER | |
|---|---|
| fixed length control field | 01185cab a2200241 4500 |
| 001 - CONTROL NUMBER | |
| control field | ABS67392 |
| 008 - FIXED-LENGTH DATA ELEMENTS--GENERAL INFORMATION | |
| fixed length control field | 040204n2003 000 0 eng u |
| 035 ## - SYSTEM CONTROL NUMBER | |
| System control number | (Sirsi) u125039 |
| 100 ## - MAIN ENTRY--PERSONAL NAME | |
| Personal name | Chamberlain, K. |
| 245 #4 - TITLE STATEMENT | |
| Title | The Iraq (United Nations Sanctions) Order 2003 - is it Human Rights Act compatible? |
| 260 ## - PUBLICATION, DISTRIBUTION, ETC. | |
| Date of publication, distribution, etc. | 2003 |
| 490 ## - SERIES STATEMENT | |
| Series statement | Art Antiquity and Law |
| Volume/sequential designation | 8(4) December 2003, 357-368(12) |
| 520 ## - SUMMARY, ETC. | |
| Summary, etc. | Considers whether the Iraq (United Nations Sanctions) Order 2003 is compatible with the Human Rights Act 1998 The Order implementing the United Nations Council Resolution 1483 was introduced in the aftermath of the invasion of Iraq to stop the illegal removal of cultural objects from the country. Article 8 of the 2003 Order sets out criminal offences. Raises a number of issues under the 1998 Act including burden of proof. |
| 590 ## - LOCAL NOTE (RLIN) | |
| Local note | ABS |
| 650 ## - SUBJECT ADDED ENTRY--TOPICAL TERM | |
| Topical term or geographic name entry element | CULTURAL OBJECTS |
| 650 ## - SUBJECT ADDED ENTRY--TOPICAL TERM | |
| Topical term or geographic name entry element | BURDEN OF PROOF |
| 650 ## - SUBJECT ADDED ENTRY--TOPICAL TERM | |
| Topical term or geographic name entry element | IRAQ (UNITED NATIONS SANCTIONS) ORDER 2003 |
| 650 ## - SUBJECT ADDED ENTRY--TOPICAL TERM | |
| Topical term or geographic name entry element | HUMAN RIGHTS ACT 1998 |
| 650 ## - SUBJECT ADDED ENTRY--TOPICAL TERM | |
| Topical term or geographic name entry element | CONVENTION FOR THE PROTECTION OF HUMAN RIGHTS AND FUNDAMENTAL FREEDOMS |
| 650 ## - SUBJECT ADDED ENTRY--TOPICAL TERM | |
| Topical term or geographic name entry element | CRIMINAL LAW |
| 690 ## - LOCAL SUBJECT ADDED ENTRY--TOPICAL TERM (OCLC, RLIN) | |
| Topical term or geographic name as entry element | Arts and antiques |
| 9 (RLIN) | 6217 |
| 942 ## - ADDED ENTRY ELEMENTS (KOHA) | |
| Suppress in OPAC | 0 |
| Withdrawn status | Lost status | Source of classification or shelving scheme | Damaged status | Not for loan | Home library | Current library | Shelving location | Date acquired | Total Checkouts | Full call number | Barcode | Date last seen | Copy number | Price effective from | Koha item type |
|---|---|---|---|---|---|---|---|---|---|---|---|---|---|---|---|
| Dewey Decimal Classification | London | London | Journal article | 04/02/2004 | ABS67392 | 125039-1001 | 06/08/2019 | 1 | 06/08/2019 | Journal article |